00607nam a2200145Ia 4500008004100000100002300041245008600064245010000150260004900250260000900299650001300308856004800321999001900369952007300388170221s9999 xx 000 0 und d aPhillip D. Coleman aStudent plagiarism: A comparison between a for-profit and a non-profit university cPhillip D. Coleman, Western Kentucky University; John K. Atkinson, Western Kentucky University. bJournal of Management and Marketing Research c2012 xBusiness uhttp://www.aabri.com/manuscripts/141897.pdf c309741d309741 001040aCLbCLd2017-02-21l0r2017-02-21 00:00:00w2017-02-21yFOJ